Taylor Swift song - one word at the time #10 - Statistics

General Stats
  • This quiz has been taken 35 times
  • The average score is 285 of 379
Answer Stats
Answer % Correct
a
100%
I
100%
you
96%
You
96%
and
92%
And
92%
me
92%
I'm
88%
my
88%
so
88%
So
88%
the
88%
do
84%
to
84%
us
84%
when
84%
your
84%
But
80%
but
80%
in
80%
it
80%
know
80%
like
80%
not
80%
Reputation
80%
things
80%
we
80%
We
80%
All
76%
all
76%
bad
76%
Cause
76%
girl
76%
goes
76%
into
76%
on
76%
One
76%
who's
76%
Who's
76%
See
72%
get
72%
right
72%
up
72%
what
72%
you're
72%
yours
72%
alone
68%
baby
68%
Cause
68%
got
68%
keep
68%
now
68%
pieces
68%
place
68%
Three
68%
Two
68%
with
68%
Back
64%
back
64%
can
64%
caught
64%
counting
64%
Cut
64%
dark
64%
did
64%
eyes
64%
face
64%
fall
64%
Getting
64%
it's
64%
Lipstick
64%
lose
64%
magician
64%
make
64%
moment
64%
So It Goes…
64%
Wear
64%
down
60%
days
56%
disappear
56%
everyone
56%
feel
56%
honestly
56%
illusionist
56%
necklace
56%
number
56%
simple
56%
against
52%
bar
52%
clear
52%
Come
52%
gone
52%
gray
52%
jealous
52%
chill
48%
here
48%
little
48%
Scratches
48%
Skipping
48%
skipping
48%
Tripping
48%
tripping
48%
wall
48%
breakdown
44%
cage
44%
feelings
44%
heart
44%
hostage
44%
Met
44%
black
40%
dressed
40%
Gold
36%
No matching quizzes found
Score Distribution
Percent of People with Each Score
Percentile by Number Answered
Your Score History
You have not taken this quiz